UK prime rent and yield monitor marketview (Record no. 114522)
[ view plain ]
| 000 -LEADER | |
|---|---|
| fixed length control field | 01178cad a22002055a 4500 |
| 001 - CONTROL NUMBER | |
| control field | L156968 |
| 008 - FIXED-LENGTH DATA ELEMENTS--GENERAL INFORMATION | |
| fixed length control field | 120801s2012 xxkd f s 000 0 eng d |
| 035 ## - SYSTEM CONTROL NUMBER | |
| System control number | (Sirsi) u156968 |
| 041 0# - LANGUAGE CODE | |
| Language code of text/sound track or separate title | eng |
| 110 2# - MAIN ENTRY--CORPORATE NAME | |
| Corporate name or jurisdiction name as entry element | CBRE |
| 245 00 - TITLE STATEMENT | |
| Title | UK prime rent and yield monitor marketview |
| Remainder of title | Q2 2012 |
| Medium | [electronic resource] |
| 260 ## - PUBLICATION, DISTRIBUTION, ETC. | |
| Place of publication, distribution, etc. | London |
| Name of publisher, distributor, etc. | CBRE |
| Date of publication, distribution, etc. | 2012 |
| 490 #0 - SERIES STATEMENT | |
| Series statement | CBRE UK Prime Rent and Yield Monitor Marketview |
| Volume/sequential designation | Q2 2012 |
| 520 ## - SUMMARY, ETC. | |
| Summary, etc. | Prime rents fell by 0.1% in Q2 2012 at the All Property level as all sectors except offices saw rental declines. Recently more negative sentiment has been creeping into prime investment markets with prime yields moving out by 4 basis points to 6.17% and yields moving out by 8 basis points over the past year. Retail warehouses remained the most responsive sector in UK property as yields moved out 14 basis points in response to flagging sentiment. The 10-year government bond yield moved down dramatically in Q2 to 1.7%. |
| 590 ## - LOCAL NOTE (RLIN) | |
| Local note | KA NTK |
| 651 #4 - SUBJECT ADDED ENTRY--GEOGRAPHIC NAME | |
| Geographic name | United Kingdom |
| 690 ## - LOCAL SUBJECT ADDED ENTRY--TOPICAL TERM (OCLC, RLIN) | |
| Topical term or geographic name as entry element | Commercial property |
| 9 (RLIN) | 6227 |
| 856 40 - ELECTRONIC LOCATION AND ACCESS | |
| Uniform Resource Identifier | <a href="https://www.cbre.eu/portal/pls/portal/res_rep.show_report?report_id=1955">https://www.cbre.eu/portal/pls/portal/res_rep.show_report?report_id=1955</a> |
| Public note | View the monitor at www.cbre.eu |
| 942 ## - ADDED ENTRY ELEMENTS (KOHA) | |
| Suppress in OPAC | 0 |
| Withdrawn status | Lost status | Source of classification or shelving scheme | Damaged status | Not for loan | Home library | Current library | Shelving location | Date acquired | Total Checkouts | Full call number | Barcode | Date last seen | Copy number | Price effective from | Koha item type |
|---|---|---|---|---|---|---|---|---|---|---|---|---|---|---|---|
| Dewey Decimal Classification | Virtual | Virtual | Online | 01/08/2012 | ONLINE PUBLICATION | 156968-2001 | 06/08/2019 | 1 | 06/08/2019 | Book |